ბათუმის შოთა რუსთაველის სახელმწიფო უნივერსიტეტის ბიბლიოთეკა

იძულებითი შრომა : (ბიბ.ჩანაწერი № 37627)

000 -ლიდერი
ფიქსირებული სიგრძის საკონტროლო ველი 01013nam a2200229Ia 4500
001 - საკონტროლო ნომერი
საკონტროლო ველი 3599
003 - საკონტროლო ნომრის იდენტიფიკატორი
საკონტროლო ველი GE_BSU
005 - ბოლო ოპერაციის თარიღი და დრო
საკონტროლო ველი 20190625193313.0
008 - ფიქსირებული სიგრძის მონაცემთა ელემენტები - ზოგადი ინფორმაცია
ფიქსირებული სიგრძის საკონტროლო ველი 181216sწ.გ.||||ge |||||||||||||| ||geo||
040 ## - კატალოგიზაციის წყარო
Transcribing agency GE_BSU
041 ## - ენის კოდი
Language code of text/sound track or separate title geo
080 ## - უნივერსალური ათობითი კლასიფიკაციის ინდექსი
Universal Decimal Classification number 349.2 ი–99
245 ## - ცნობა სათაურის შესახებ
Title იძულებითი შრომა :
Remainder of title მოკლე სახელმძღვანელო /
Statement of responsibility, etc პროფესიული კავშირების საერთაშორისო გაერთიანება.
264 ## - წარმოების, გამოცემის, დისტრიბუციის და სხვა ცნობები
გამოცემის, წარმოების, დისტრიბუციის... ადგილი თბილისი,
გამოცემის, წარმოების, დისტრიბუციის... თარიღი წ.გ.
300 ## - ფიზიკური აღწერა
Extent 48 გვ. ;
Other physical details 14 სმ.
653 ## - INDEX TERM--UNCONTROLLED
Uncontrolled term იძულებითი შრომა
653 ## - INDEX TERM--UNCONTROLLED
Uncontrolled term ძალადობა
653 ## - INDEX TERM--UNCONTROLLED
Uncontrolled term ტრეფიკინგი
700 ## - ADDED ENTRY--PERSONAL NAME
Personal name რაიდერი, გია
Relator term რედაქტორი
9 (RLIN) 2912
710 ## - ADDED ENTRY--CORPORATE NAME
Corporate name or jurisdiction name as entry element პროფესიული კავშირების საერთაშორისო გაერთიანება
9 (RLIN) 2913
942 ## - ADDED ENTRY ELEMENTS (KOHA)
Koha item type წიგნი
Source of classification or shelving scheme
ეგზემპლარები
ჩამოწერის სტატუსი დაკარგული ეგზემპლარის სტატუსი კლასიფიკაციის წყარო ან თაროზე გაწყობის სქემა დაზიანების სტატუსი არ გაიცემა მუდმივი მდებარეობა (დაცვის ადგილი) ამჟამინდელი ადგილსამყოფელი თაროზე განთავსების ადგილი შეძენის თარიღი სრული შენახვის შიფრი შტრიხკოდი ბოლო ოპერაციის თარიღი ეგზემპლარის მიმდევრობითი ნომერი (კეტერი?) ფასის ძალაში შესვლის თარიღი ეგზემპლარის სახეობა საჯარო შენიშვნა
          ბათუმის შოთა რუსთაველის სახელმწიფო უნივერსიტეტის მთავარი ბიბლიოთეკა ბათუმის შოთა რუსთაველის სახელმწიფო უნივერსიტეტის მთავარი ბიბლიოთეკა წიგნსაცავი 2018-12-17 349.2 ი–99 5146 2018-12-17 5146 2018-12-17 წიგნი